Geografia de España con imágenes - Estadísticas

Estadísticas generales
  • Esta prueba ha sido intentada 127 veces
  • La puntuación promedio es 10 de 16
Estadísticas de respuestas
Imagen Hint Respuesta % Correcto
Ciudad Valencia
93%
Monumento Sagrada Família
92%
Comunidad Autónoma Cataluña
88%
Pico Teide
88%
Río Ebro
84%
Comunidad Autónoma Navarra
80%
Isla Menorca
73%
Cordillera Pirineos
64%
Aeropuerto Josep Tarradellas
63%
Golfo Golfo de Vizcaya
59%
Estrecho Estrecho de Gibraltar
58%
Torre Torre del Oro
52%
Ciudad Santiago de Compostela
49%
Accidente geomorfológico Ría
48%
Ciudad Ceuta
24%
Lago Lago de San Mauricio
5%
No se encontraron pruebas coincidentes
Distribución de puntuación
Porcentaje de gente con cada puntuación
Porcentaje por número respondido
Historial de tus puntuaciones
No has intentado esta prueba.